Harold Bauer his book

Shranjeno v:
Bibliografske podrobnosti
Format: Knjiga
Jezik:angleščina
Izdano: Nueva York W. W. Norton 1948
Teme:
Oznake: Označite
Brez oznak, prvi označite!

MARC

LEADER 00000nam a2200000 a 4500
001 UCW2520
003 CL-VaPUC
008 920610e19480000US |||||||||||||||||eng|d
082 0 4 |a 780.92  |b HAR  |2 21 
245 1 0 |a Harold Bauer his book 
300 |a 306 p 
942 |c BK 
945 |d 19920610 00:00:00 
260 |a Nueva York  |b W. W. Norton  |c 1948 
600 0 7 |a BAUER, HAROLD  |2 CL-VaPUC  |9 306725 
583 |a last modification  |c 19920610 00:00:00  |k Rodrigo Vera 
999 |c 217059  |d 217057 
952 |0 0  |1 0  |4 0  |6 780_920000000000000_HAR_1948  |7 0  |8 A  |9 203552  |a BIBEDU  |b BIBEDU  |d 2019-11-15  |i 270790K  |l 1  |o 780.92 HAR 1948  |p 270790K  |r 2024-10-14  |s 2024-10-14  |w 2019-11-15  |y BK  |k MUS